[Event "Lichtenberger Sommer 2016"]
[Site "?"]
[Date "2016.08.20"]
[Round "8.30"]
[White "Shapiro, Yosip"]
[Black "Kapp, Martin"]
[Result "0-1"]
[WhiteElo "2090"]
[BlackElo "2305"]
[PlyCount "50"]
[EventDate "2016.??.??"]
[WhiteTeam "SV Berolina Mitte"]
[BlackTeam "ESV Lok Raw Cottbus"]

1. c4 c5 2. Nc3 Nc6 3. Nf3 g6 4. g3 Bg7 5. Bg2 e6 6. O-O Nge7 7. e3 O-O 8. d4
d5 9. cxd5 cxd4 10. dxc6 dxc3 11. cxb7 Bxb7 12. Nd4 Bxg2 13. Kxg2 Qd5+ 14. Kg1
Rfd8 15. bxc3 e5 16. Ba3 exd4 17. Bxe7 Rd7 18. Bb4 a5 19. Ba3 dxc3 20. Qxd5
Rxd5 21. Rad1 Rad8 22. Rxd5 Rxd5 23. Bc1 c2 24. f3 Bc3 25. e4 Rd2 0-1

[Event "Lichtenberger Sommer 2016"]
[Site "?"]
[Date "2016.08.20"]
[Round "8.31"]
[White "Vogel, Robert"]
[Black "Witte, Ronald"]
[Result "1-0"]
[WhiteElo "2215"]
[BlackElo "2023"]
[PlyCount "65"]
[EventDate "2016.??.??"]
[WhiteTeam "SG Pang-Rosenheim"]
[BlackTeam "BSV 63 Chemie Weißensee"]

1. d4 Nf6 2. c4 e6 3. Nc3 d5 4. Nf3 Nbd7 5. Bf4 c6 6. e3 Be7 7. Qc2 O-O 8.
O-O-O dxc4 9. Bxc4 b5 10. Bd3 Bb7 11. Kb1 h6 12. Ne4 Nxe4 13. Bxe4 Qb6 14. Ne5
Nxe5 15. Bxe5 Rac8 16. Qe2 f5 17. Bc2 Rcd8 18. Bb3 c5 19. dxc5 Bxc5 20. Qh5 Bd5
21. Qg6 Qb7 22. Bxd5 exd5 23. Rc1 Rc8 24. Rhd1 Rc6 25. Qg3 Rfc8 26. Qf3 Qf7 27.
Qxd5 Qxd5 28. Rxd5 Kf7 29. Bd4 Bxd4 30. Rxc6 Rxc6 31. exd4 Rc4 32. Rxf5+ Ke6
33. Rxb5 1-0

[Event "Lichtenberger Sommer 2016"]
[Site "?"]
[Date "2016.08.20"]
[Round "8.32"]
[White "Thesing, Ansgar"]
[Black "Jaeschke, Jens-Uwe"]
[Result "0-1"]
[WhiteElo "1987"]
[BlackElo "2144"]
[PlyCount "58"]
[EventDate "2016.??.??"]
[WhiteTeam "SC Kreuzberg"]
[BlackTeam "SF Nordost Berlin"]

1. e4 e5 2. Nf3 d6 3. d4 exd4 4. Nxd4 Nf6 5. Nc3 Be7 6. Bc4 O-O 7. O-O Re8 8.
Re1 Nbd7 9. Nf5 Bf8 10. Ng3 c6 11. a4 Ne5 12. Bb3 a5 13. Bg5 h6 14. Bd2 Bd7 15.
h3 Be6 16. Bxe6 fxe6 17. b3 g5 18. f4 gxf4 19. Bxf4 Ng6 20. Be3 Qe7 21. Qd2 Kh7
22. Rad1 Rad8 23. Bb6 Rd7 24. Bxa5 h5 25. Nge2 Bh6 26. Qd3 Ne5 27. Qd4 Rg8 28.
Kh1 Nfg4 29. Ng1 c5 0-1

[Event "Lichtenberger Sommer 2016"]
[Site "?"]
[Date "2016.08.20"]
[Round "8.33"]
[White "Kutschke, Jens"]
[Black "Hansch, Stephan"]
[Result "0-1"]
[WhiteElo "2002"]
[BlackElo "2126"]
[PlyCount "78"]
[EventDate "2016.??.??"]
[WhiteTeam "SF 1903 Berlin"]
[BlackTeam "SC Empor Potsdam"]

1. e4 c5 2. Nf3 d6 3. d4 cxd4 4. Nxd4 Nf6 5. Nc3 a6 6. f3 e5 7. Nb3 Be6 8. Bg5
Nbd7 9. Qd2 Be7 10. O-O-O O-O 11. g4 b5 12. h4 b4 13. Nd5 Bxd5 14. exd5 a5 15.
Kb1 a4 16. Nc1 Qb6 17. h5 Ra5 18. Bc4 Rc8 19. Bxf6 Bxf6 20. Bd3 h6 21. Bf5 Bg5
22. Qe2 Rc7 23. Nd3 b3 24. cxb3 axb3 25. a3 Ra4 26. f4 Bxf4 27. Nxf4 Rxf4 28.
Rc1 Rf2 29. Qe1 Qd4 30. Rc3 Rxc3 31. bxc3 Qxd5 32. Qxf2 Qxh1+ 33. Kb2 Nc5 34.
Qd2 Qc6 35. g5 hxg5 36. Qxg5 Na4+ 37. Kxb3 Qb5+ 38. Kc2 Qb2+ 39. Kd3 Nc5+ 0-1

[Event "Lichtenberger Sommer 2016"]
[Site "?"]
[Date "2016.08.20"]
[Round "8.34"]
[White "Jahn, Thomas"]
[Black "Richter, Götz"]
[Result "1-0"]
[WhiteElo "2195"]
[BlackElo "2009"]
[PlyCount "59"]
[EventDate "2016.??.??"]
[WhiteTeam "SV Empor Berlin"]
[BlackTeam "Klub Kölner SF"]

1. e4 c5 2. Nf3 d6 3. d4 cxd4 4. Nxd4 Nf6 5. Nc3 Nc6 6. Be2 e5 7. Nf3 h6 8. O-O
Be7 9. Re1 Bg4 10. h3 Bxf3 11. Bxf3 Nd4 12. Be3 Nxf3+ 13. Qxf3 O-O 14. Red1 a6
15. Ne2 Qc8 16. Ng3 Re8 17. Rac1 Qe6 18. Nf5 Bf8 19. c4 Rac8 20. b3 b5 21. cxb5
axb5 22. g4 Red8 23. Kh2 Rxc1 24. Bxc1 d5 25. exd5 Rxd5 26. Rxd5 Nxd5 27. Qd3
b4 28. Bd2 Bc5 29. Qc4 Bxf2 30. Qxd5 1-0

[Event "Lichtenberger Sommer 2016"]
[Site "?"]
[Date "2016.08.20"]
[Round "8.35"]
[White "Kuran, Wilfried"]
[Black "Böhm, Uwe"]
[Result "0-1"]
[WhiteElo "1885"]
[BlackElo "2138"]
[PlyCount "142"]
[EventDate "2016.??.??"]
[WhiteTeam "Spielgemeinschaft Sauwald"]
[BlackTeam "SK Siemens München"]

1. e4 c6 2. d4 d5 3. Nc3 dxe4 4. Nxe4 Bf5 5. Ng3 Bg6 6. Nf3 Nd7 7. h4 h6 8. h5
Bh7 9. Bd3 Bxd3 10. Qxd3 e6 11. Bf4 Qa5+ 12. Bd2 Qc7 13. O-O-O Ngf6 14. c4
O-O-O 15. Qc3 c5 16. Rh4 Bd6 17. Ne2 a6 18. g3 Rhe8 19. Be3 cxd4 20. Nexd4 Nb8
21. Nd2 Nc6 22. Nxc6 Qxc6 23. Bxh6 gxh6 24. Qxf6 Bc5 25. Rg4 Qa4 26. Nb3 Rxd1+
27. Kxd1 Rd8+ 28. Ke2 Qd7 29. Qxd8+ Qxd8 30. Nxc5 Qa5 31. Rg8+ Kc7 32. Nd3
Qxh5+ 33. g4 Qh1 34. f3 Qh2+ 35. Ke3 Qg1+ 36. Ke2 f5 37. Rg7+ Kb8 38. Rg6 Qh2+
39. Ke3 Qg1+ 40. Ke2 Qh2+ 41. Ke3 fxg4 42. fxg4 Kc7 43. Kd4 e5+ 44. Kc3 e4 45.
Nb4 Kd7 46. a4 e3 47. c5 Qd2+ 48. Kc4 e2 49. Rg7+ Kc8 50. Rg8+ Kc7 51. Nd5+ Kd7
52. Rg7+ Ke8 53. Nc7+ Kd8 54. Ne6+ Kc8 55. Rg8+ Kd7 56. Rd8+ Kxe6 57. Rxd2 e1=Q
58. Rd6+ Ke7 59. Rd4 Qc1+ 60. Kd5 Qxb2 61. Re4+ Kf6 62. Re6+ Kg5 63. Rb6 Qg7
64. Rb4 Qd7+ 65. Ke5 Qc6 66. Kd4 Kxg4 67. Rb6 Qxa4+ 68. Kd5 Qd7+ 69. Rd6 Qf5+
70. Kc4 h5 71. Rd4+ Qf4 0-1

[Event "Lichtenberger Sommer 2016"]
[Site "?"]
[Date "2016.08.20"]
[Round "8.36"]
[White "Hesse, Henrik"]
[Black "Heuser, Philip"]
[Result "1-0"]
[WhiteElo "1903"]
[BlackElo "2086"]
[PlyCount "72"]
[EventDate "2016.??.??"]
[WhiteTeam "SV Mattnetz Berlin"]
[BlackTeam "Münchener SC"]

1. d4 Nf6 2. c4 e6 3. Nc3 Bb4 4. Qc2 O-O 5. a3 Bxc3+ 6. Qxc3 b6 7. Bg5 Ba6 8.
Qf3 Nc6 9. e3 Bb7 10. Qf4 d6 11. Nf3 Re8 12. Bd3 e5 13. Qh4 h6 14. Bxf6 Qxf6
15. Qxf6 gxf6 16. d5 Ne7 17. Nh4 Bc8 18. g4 Kh8 19. f3 Rg8 20. Kf2 Bd7 21. a4
a5 22. b3 Rg5 23. e4 Rg7 24. Rag1 Ng6 25. Nxg6+ fxg6 26. h4 Rf8 27. h5 f5 28.
hxg6 fxg4 29. Rxh6+ Kg8 30. Be2 Rf6 31. Ke3 gxf3 32. Bxf3 Be8 33. Bg4 Rgxg6 34.
Rxg6+ Rxg6 35. Be6+ Kg7 36. Rg4 Kh6 1-0

[Event "Lichtenberger Sommer 2016"]
[Site "?"]
[Date "2016.08.20"]
[Round "8.37"]
[White "Hahlbohm, Matthias"]
[Black "Keusch, Horst"]
[Result "1-0"]
[WhiteElo "2101"]
[BlackElo "1973"]
[PlyCount "85"]
[EventDate "2016.??.??"]
[WhiteTeam "TSG Oberschöneweide"]
[BlackTeam "SC Eintracht Berlin"]

1. e4 g6 2. d4 c6 3. Be3 d5 4. e5 f6 5. f4 Nh6 6. c3 Bg4 7. Nf3 fxe5 8. fxe5
Nf5 9. Bf2 Bh6 10. Be2 O-O 11. Qd3 e6 12. Nbd2 Nd7 13. h3 Bxf3 14. Nxf3 Rc8 15.
b4 a5 16. a3 Nb6 17. g4 Ne7 18. Be3 Bxe3 19. Qxe3 Nc4 20. Qh6 Rxf3 21. Bxf3 Kh8
22. Qg5 Ng8 23. Qxd8 Rxd8 24. Ke2 Rf8 25. Rhf1 Kg7 26. Bg2 a4 27. Rxf8 Kxf8 28.
Bf1 b5 29. Kf2 Ne7 30. Bd3 Kg7 31. Kg3 Nb2 32. Be2 Nc4 33. Ra2 Ne3 34. Kf2 Nc4
35. Bd3 Nb6 36. Ra1 Nc4 37. Ke2 Nb6 38. Rf1 Nd7 39. Kf3 Ng8 40. Kg3 Ne7 41. h4
Ng8 42. h5 g5 43. Bxh7 1-0

[Event "Lichtenberger Sommer 2016"]
[Site "?"]
[Date "2016.08.20"]
[Round "8.38"]
[White "Jaeger, Andre"]
[Black "Mai, Andreas"]
[Result "1/2-1/2"]
[WhiteElo "1949"]
[BlackElo "2014"]
[PlyCount "40"]
[EventDate "2016.??.??"]
[WhiteTeam "SC Rochade (Berlin)"]
[BlackTeam "SC Friesen Lichtenberg"]

1. d4 Nf6 2. c4 g6 3. g3 Bg7 4. Bg2 O-O 5. Nc3 d6 6. Nf3 Nc6 7. d5 Nb8 8. Nd4
Bd7 9. e4 Qc8 10. O-O Bh3 11. Rb1 Bxg2 12. Kxg2 c5 13. Nde2 a6 14. a4 Nbd7 15.
f4 Ne8 16. Qd3 e6 17. Bd2 e5 18. f5 Nc7 19. Be3 f6 20. h4 a5 1/2-1/2

[Event "Lichtenberger Sommer 2016"]
[Site "?"]
[Date "2016.08.20"]
[Round "8.39"]
[White "Bladt, Johannes"]
[Black "Albert, Jörg"]
[Result "0-1"]
[WhiteElo "1874"]
[BlackElo "2149"]
[PlyCount "108"]
[EventDate "2016.??.??"]
[WhiteTeam "SK Singen"]
[BlackTeam "SV Eiche Reichenbrand"]

1. e4 c6 2. d4 d5 3. exd5 cxd5 4. Bd3 Nc6 5. c3 Qc7 6. Ne2 Bg4 7. f3 Bd7 8. Bf4
e5 9. dxe5 Nxe5 10. Bc2 Nf6 11. O-O Bd6 12. Nd2 O-O 13. Nb3 Rfe8 14. Bg3 Nc4
15. Re1 Bxg3 16. Nxg3 Rxe1+ 17. Qxe1 Nxb2 18. Nf5 Bxf5 19. Bxf5 Nc4 20. Nd4 Re8
21. Qf2 Nd6 22. Rc1 Nxf5 23. Nxf5 Qf4 24. Qc2 g6 25. Nd4 Qe3+ 26. Kf1 Rc8 27.
Qb2 b6 28. Nb5 a6 29. Nd4 b5 30. Rc2 Rc4 31. Ne2 Nd7 32. Rd2 Ne5 33. Qc2 Rh4
34. h3 Nc4 35. Rxd5 Qb6 36. Ke1 Ne3 37. Qd3 Nxd5 38. Qxd5 Rc4 39. Qe5 Qc7 40.
Qf6 Rc6 41. Qd4 Re6 42. Qd2 h5 43. Kf2 Rc6 44. Qd3 h4 45. Qe4 Rc4 46. Qa8+ Kg7
47. Qxa6 Qc5+ 48. Ke1 Ra4 49. Qb7 Rxa2 50. Qd7 Ra1+ 51. Kd2 Qe5 52. Nd4 Qe1+
53. Kc2 Rc1+ 54. Kb2 Qxc3+ 0-1

[Event "Lichtenberger Sommer 2016"]
[Site "?"]
[Date "2016.08.20"]
[Round "8.40"]
[White "Schäfer, Heiko"]
[Black "Werner, Justus"]
[Result "1/2-1/2"]
[WhiteElo "2078"]
[BlackElo "1937"]
[PlyCount "74"]
[EventDate "2016.??.??"]
[WhiteTeam "Potsdamer SV"]
[BlackTeam "SG Stadtilm"]

1. c4 c5 2. Nf3 Nc6 3. g3 g6 4. Bg2 Bg7 5. Nc3 e6 6. d3 Nge7 7. Bg5 h6 8. Bd2
O-O 9. Rb1 d5 10. Qc1 Kh7 11. a3 Nd4 12. b4 dxc4 13. dxc4 cxb4 14. axb4 e5 15.
O-O Bf5 16. Rb2 Rc8 17. Nxd4 exd4 18. Nd5 Nxd5 19. Bxd5 b5 20. e4 bxc4 21. Ra2
Bh3 22. Rxa7 Bxf1 23. Qxf1 c3 24. Bc1 Rc7 25. Ra6 Qc8 26. b5 Qd7 27. b6 Rb7 28.
Bf4 Rc8 29. Bxb7 Qxb7 30. Ra7 Qxb6 31. Rxf7 Qe6 32. Ra7 Qxe4 33. Bxh6 Rg8 34.
Qh3 Qe1+ 35. Kg2 Qe4+ 36. Kg1 Qe1+ 37. Kg2 Qe4+ 1/2-1/2

[Event "Lichtenberger Sommer 2016"]
[Site "?"]
[Date "2016.08.20"]
[Round "8.41"]
[White "Wierzbicki, Jirawat"]
[Black "Mayer, Herbert"]
[Result "1/2-1/2"]
[WhiteElo "2051"]
[BlackElo "1900"]
[PlyCount "69"]
[EventDate "2016.??.??"]
[WhiteTeam "SK König Tegel"]
[BlackTeam "SC Rochade (Berlin)"]

1. e4 c5 2. c3 d5 3. exd5 Qxd5 4. d4 Nf6 5. Nf3 e6 6. Be3 cxd4 7. cxd4 Nc6 8.
Nc3 Qa5 9. a3 Be7 10. Bd3 Bd7 11. O-O O-O 12. Qe2 Qh5 13. Rfd1 Rad8 14. Bb1 Bd6
15. Ba2 Ng4 16. h3 Nxe3 17. Qxe3 b6 18. d5 Bc5 19. Qe2 exd5 20. Rxd5 Qg6 21.
Rad1 Be6 22. Rg5 Qh6 23. Bxe6 Rxd1+ 24. Qxd1 Qxe6 25. Rd5 h6 26. Rd7 Re8 27. b4
Bf8 28. Nb5 Re7 29. Rxe7 Bxe7 30. Nc3 Qd6 31. Nd5 Bf8 32. Qb3 Qe6 33. Qd3 Qd6
34. Nd2 Qe5 35. Nf3 1/2-1/2

[Event "Lichtenberger Sommer 2016"]
[Site "?"]
[Date "2016.08.20"]
[Round "8.42"]
[White "Junge, Wolfgang"]
[Black "Kötz, Andreas"]
[Result "0-1"]
[WhiteElo "1875"]
[BlackElo "2027"]
[PlyCount "72"]
[EventDate "2016.??.??"]
[WhiteTeam "SC Friesen Lichtenberg"]
[BlackTeam "SC Zitadelle Spandau"]

1. d4 Nf6 2. c4 g6 3. Nc3 Bg7 4. e4 d6 5. f4 O-O 6. Nf3 Na6 7. Be2 e5 8. fxe5
dxe5 9. d5 Nc5 10. Qc2 a5 11. O-O Ne8 12. Be3 Qe7 13. Na4 Nxa4 14. Qxa4 b6 15.
Rac1 Ba6 16. Qc2 Nd6 17. Bd3 Nb7 18. c5 Bxd3 19. Qxd3 Nxc5 20. Bxc5 bxc5 21.
Qc4 Bh6 22. Rc3 Rfb8 23. b3 Rb4 24. Qd3 a4 25. Re1 axb3 26. axb3 Ra3 27. Re2 c4
28. Rxc4 Rbxb3 29. Qc2 Be3+ 30. Rxe3 Rxe3 31. Rxc7 Qf6 32. Rc6 Ra1+ 33. Kf2
Rxf3+ 34. gxf3 Qh4+ 35. Kg2 Qg5+ 36. Kh3 Rg1 0-1

[Event "Lichtenberger Sommer 2016"]
[Site "?"]
[Date "2016.08.20"]
[Round "8.43"]
[White "Christensen, Andreas"]
[Black "Rüegsegger, Beat"]
[Result "1-0"]
[WhiteElo "1773"]
[BlackElo "2011"]
[PlyCount "31"]
[EventDate "2016.??.??"]
[WhiteTeam "Hamburger SK"]
[BlackTeam "Trubschachen"]

1. e4 e5 2. Nf3 Nc6 3. Bc4 Bc5 4. c3 Nf6 5. d3 d6 6. Bb3 a6 7. h3 Ba7 8. Nbd2
O-O 9. Nf1 Ne7 10. Nh4 Kh8 11. Ng3 Ng6 12. Nhf5 Ne7 13. Qf3 Nfg8 14. Nxg7 Kxg7
15. Nh5+ Kh8 16. Bh6 1-0

[Event "Lichtenberger Sommer 2016"]
[Site "?"]
[Date "2016.08.20"]
[Round "8.44"]
[White "Wörz, Markus"]
[Black "Bonke, Hans-Jürgen"]
[Result "1-0"]
[WhiteElo "2055"]
[BlackElo "1893"]
[PlyCount "73"]
[EventDate "2016.??.??"]
[WhiteTeam "SC Kreuzberg"]
[BlackTeam "SC Kreuzberg"]

1. e4 g6 2. d4 d6 3. Nc3 Bg7 4. Be3 a6 5. Qd2 b5 6. Bd3 h6 7. Nf3 Nd7 8. a4 b4
9. Ne2 a5 10. O-O e6 11. Ne1 Ne7 12. f4 f5 13. Nf3 O-O 14. Ng3 Nf6 15. exf5
exf5 16. c4 Ng4 17. Rae1 Re8 18. d5 Bd7 19. Bd4 Nf6 20. b3 Kh7 21. Qb2 Neg8 22.
h4 Re7 23. h5 Nxh5 24. Nxh5 Bxd4+ 25. Nxd4 Rxe1 26. Rxe1 Qh4 27. Qe2 Re8 28.
Ne6 gxh5 29. Bxf5+ Kh8 30. Qf2 Qf6 31. Bh3 c5 32. dxc6 Bxc6 33. Qb6 Qc3 34. Rd1
Ne7 35. Rxd6 Qe1+ 36. Kh2 h4 37. Qd4+ 1-0

[Event "Lichtenberger Sommer 2016"]
[Site "?"]
[Date "2016.08.20"]
[Round "8.46"]
[White "Ritter, Uwe"]
[Black "Silz, Elisa"]
[Result "0-1"]
[WhiteElo "1928"]
[BlackElo "1973"]
[PlyCount "58"]
[EventDate "2016.??.??"]
[WhiteTeam "Reideburger SV"]
[BlackTeam "SV Empor Berlin"]

1. f4 d5 2. Nf3 Nf6 3. e3 g6 4. d4 Bg7 5. Bd3 O-O 6. O-O e6 7. Ne5 Nbd7 8. Nd2
c5 9. c3 a6 10. Qe1 Nxe5 11. fxe5 Nd7 12. Qg3 b5 13. b3 c4 14. bxc4 bxc4 15.
Be2 Qa5 16. e4 Nb6 17. Nb1 f6 18. Ba3 Rf7 19. exf6 Rxf6 20. Rxf6 Bxf6 21. Qc7
Bxd4+ 22. cxd4 Qe1+ 23. Bf1 Bd7 24. Qf4 c3 25. Qf2 Qd1 26. Bb2 cxb2 27. Qxb2
Nc4 28. Nd2 Nxb2 29. Rxd1 Nxd1 0-1

[Event "Lichtenberger Sommer 2016"]
[Site "?"]
[Date "2016.08.20"]
[Round "8.47"]
[White "Krüger, Ekkehard"]
[Black "Deutschbein, Christopher"]
[Result "0-1"]
[WhiteElo "1818"]
[BlackElo "2006"]
[PlyCount "126"]
[EventDate "2016.??.??"]
[WhiteTeam "Narva Berlin"]
[BlackTeam "Eckernförder SC"]

1. e4 e5 2. Nf3 Nc6 3. Bc4 Nf6 4. d3 Be7 5. c3 d6 6. h3 Be6 7. Bxe6 fxe6 8. Qb3
Qc8 9. Be3 O-O 10. Nbd2 a6 11. d4 exd4 12. cxd4 Kh8 13. Rc1 d5 14. e5 Nh5 15.
g3 Rb8 16. a3 Rf7 17. Qd3 Qf8 18. Ke2 Rc8 19. Rhf1 Na5 20. b4 Nc4 21. Ng1 Nxe3
22. Qxe3 a5 23. bxa5 c5 24. Ngf3 c4 25. Ng5 Bxg5 26. Qxg5 g6 27. Qe3 Qd8 28.
Qc3 Ra8 29. Ra1 Qxa5 30. Qxa5 Rxa5 31. Rfb1 b5 32. Rb4 Ng7 33. g4 Ne8 34. f3
Rfa7 35. Nb1 Nc7 36. Nc3 Rxa3 37. Rxa3 Rxa3 38. Nxb5 Rb3 39. Rxb3 cxb3 40. Na3
b2 41. Nb1 Nb5 42. Ke3 g5 43. Kd3 Kg7 44. Ke3 Kf7 45. Kd3 Ke7 46. Ke3 Kd7 47.
Kd3 Kc6 48. Ke3 h6 49. Kd3 Kb6 50. Ke3 Ka5 51. f4 gxf4+ 52. Kxf4 Kb4 53. Ke3
Kc4 54. h4 Nxd4 55. h5 Nc6 56. Kf4 Kd4 57. g5 Nxe5 58. gxh6 Nf7 59. h7 Kd3 60.
h8=Q Nxh8 61. Ke5 Kc2 62. Na3+ Kc1 63. Kxe6 d4 0-1

[Event "Lichtenberger Sommer 2016"]
[Site "?"]
[Date "2016.08.20"]
[Round "8.48"]
[White "Nofal, Jameel"]
[Black "Schmidt, Fabian"]
[Result "1/2-1/2"]
[WhiteElo "1900"]
[BlackElo "1810"]
[PlyCount "85"]
[EventDate "2016.??.??"]
[WhiteTeam "vereinslos"]
[BlackTeam "Königsjäger Süd-West"]

1. e4 c5 2. Nc3 e6 3. f4 a6 4. g3 b5 5. Bg2 Bb7 6. d3 b4 7. Nce2 d5 8. e5 Nh6
9. Nf3 Be7 10. O-O O-O 11. c3 Nd7 12. a3 Qb6 13. Kh1 a5 14. Be3 bxc3 15. bxc3
a4 16. Qc2 Qa5 17. Rfb1 Rfb8 18. Nd2 Nf5 19. Bg1 Bc6 20. Nf1 Qa6 21. Ne3 Nxe3
22. Bxe3 Rxb1+ 23. Rxb1 c4 24. dxc4 Qxc4 25. Nd4 Qa6 26. Qc1 Rb8 27. Nxc6 Qxc6
28. Rxb8+ Nxb8 29. Qb2 Na6 30. Bd4 g6 31. Bf1 Kg7 32. Kg2 Bf8 33. g4 Nc5 34.
Bb5 Qb7 35. Qb4 Nb3 36. Qxa4 Nxd4 37. cxd4 Qe7 38. Bd7 Qxa3 39. Qxa3 Bxa3 40.
Kf3 Bb2 41. Ke3 Bc1+ 42. Kf3 Bb2 43. Ke3 1/2-1/2

[Event "Lichtenberger Sommer 2016"]
[Site "?"]
[Date "2016.08.20"]
[Round "8.49"]
[White "Friedrich, Gerhard"]
[Black "Grassi, Fabrizio"]
[Result "0-1"]
[WhiteElo "1930"]
[BlackElo "1839"]
[PlyCount "48"]
[EventDate "2016.??.??"]
[WhiteTeam "SG Schwäbisch Gmünd"]
[BlackTeam "SV Berlin-Friedrichstadt"]

1. d4 d5 2. Nf3 Nf6 3. e3 Bf5 4. c4 c6 5. Nc3 e6 6. Be2 h6 7. O-O Be7 8. Re1
Nbd7 9. a3 a5 10. Nd2 O-O 11. f3 e5 12. cxd5 exd4 13. exd4 Nxd5 14. Nxd5 cxd5
15. Nf1 Bf6 16. Be3 Qb6 17. Qd2 Rac8 18. Bd1 Nb8 19. Ng3 Bg6 20. Ne2 Rfe8 21.
Kh1 Rc4 22. b3 Rcc8 23. Nf4 Rxe3 24. Rxe3 Qxd4 0-1

[Event "Lichtenberger Sommer 2016"]
[Site "?"]
[Date "2016.08.20"]
[Round "8.50"]
[White "Willich, Manfred"]
[Black "Wolff, Marie Antoinette"]
[Result "1/2-1/2"]
[WhiteElo "1969"]
[BlackElo "1770"]
[PlyCount "98"]
[EventDate "2016.??.??"]
[WhiteTeam "SK Turm Bad Hersfeld"]
[BlackTeam "Leegebrucher SF"]

1. d4 d5 2. Nf3 Nf6 3. c4 c6 4. Nbd2 g6 5. g3 Bg7 6. Bg2 O-O 7. O-O Bd7 8. Re1
Qc8 9. Qb3 b6 10. e4 Bh3 11. Bh1 dxe4 12. Nxe4 Nbd7 13. Bd2 Re8 14. Bc3 Bf5 15.
Ned2 Qc7 16. Re2 Nh5 17. Rae1 Ndf6 18. Ne5 Rac8 19. Nxc6 e6 20. Ne5 Ng4 21.
Ndf3 f6 22. Nxg4 Bxg4 23. d5 e5 24. Re4 Bf5 25. Rh4 Bd3 26. Nd2 Bh6 27. Ne4
Bxc4 28. Qd1 Kg7 29. d6 Qd7 30. Qf3 Bd5 31. Rd1 Bc6 32. Rxh5 Bxe4 33. Qxe4 gxh5
34. Qb7 Red8 35. Be4 Rc4 36. Qd5 Rc5 37. Qd3 Qb5 38. Qf3 Qe8 39. Bb4 Rc1 40.
Rxc1 Bxc1 41. Qc3 Rc8 42. Qf3 Bxb2 43. Qf5 Rc1+ 44. Kg2 Qg6 45. d7 Rd1 46. Be7
Rxd7 47. Bxf6+ Kg8 48. Qxd7 Qxe4+ 49. Kh3 Qg6 1/2-1/2

[Event "Lichtenberger Sommer 2016"]
[Site "?"]
[Date "2016.08.20"]
[Round "8.51"]
[White "Bandsom, Olaf"]
[Black "Voigt, Ingo"]
[Result "0-1"]
[WhiteElo "1812"]
[BlackElo "1967"]
[PlyCount "100"]
[EventDate "2016.??.??"]
[WhiteTeam "SC Friesen Lichtenberg"]
[BlackTeam "BSV 63 Chemie Weißensee"]

1. e4 c5 2. Nf3 d6 3. d4 cxd4 4. Nxd4 Nf6 5. Nc3 a6 6. Be2 e5 7. Nb3 Nc6 8. O-O
Be7 9. Kh1 O-O 10. f4 b5 11. Be3 Bb7 12. a3 Qc8 13. f5 Rd8 14. Rf3 b4 15. axb4
Nxb4 16. Bd3 d5 17. exd5 Nfxd5 18. Ne4 Nxe3 19. Rxe3 Nxd3 20. cxd3 Qxf5 21. Qe2
f6 22. Rf1 Qg6 23. Rg3 Qf7 24. Nbd2 Rac8 25. Qg4 Rc2 26. Ng5 f5 27. Nxf7 fxg4
28. Nxd8 Bxd8 29. Ne4 h5 30. Re3 Rxb2 31. Ree1 a5 32. Rb1 Rb4 33. Rxb4 axb4 34.
Rb1 Be7 35. Kg1 Ba6 36. Rb3 Kf7 37. Kf2 Bb5 38. Ke2 Ba4 39. Rb2 Ke6 40. Ra2 Bc6
41. Nd2 Bxg2 42. Ra7 Bd5 43. Nc4 Bf3+ 44. Kd2 Bg5+ 45. Kc2 Bf4 46. Rxg7 Bxh2
47. Ne3 Bf4 48. Nf1 h4 49. Nd2 h3 50. Nxf3 gxf3 0-1

[Event "Lichtenberger Sommer 2016"]
[Site "?"]
[Date "2016.08.20"]
[Round "8.52"]
[White "Schubert, Joachim"]
[Black "Andresen, Klaus"]
[Result "1-0"]
[WhiteElo "1889"]
[BlackElo "1559"]
[PlyCount "83"]
[EventDate "2016.??.??"]
[WhiteTeam "SC Friesen Lichtenberg"]
[BlackTeam "Niendorfer TSV"]

1. e4 c5 2. Nf3 e6 3. d4 cxd4 4. Nxd4 a6 5. a4 Nc6 6. Be3 Nf6 7. Nd2 d5 8. Nxc6
bxc6 9. e5 Nd7 10. f4 Rb8 11. b3 Bb4 12. Rc1 Qa5 13. Bd3 c5 14. O-O Nb6 15. Nf3
d4 16. Bf2 Nd5 17. Ng5 h6 18. Qh5 Qc7 19. Bg3 Ne3 20. Rf2 g6 21. Bxg6 fxg6 22.
Qxg6+ Kf8 23. Qf6+ Kg8 24. Ne4 Qg7 25. Qd8+ Kh7 26. Qd6 Ra8 27. Nf6+ Kg6 28.
f5+ Kf7 29. fxe6+ Kg6 30. e7 Nf5 31. Rxf5 c4 32. e8=Q+ Rxe8 33. Nxe8+ Bxd6 34.
Nxg7 Bxf5 35. Nxf5 Ba3 36. Rf1 d3 37. cxd3 c3 38. Nd4 Bc5 39. Bf2 Rf8 40. Nf3
Ba3 41. Be3 c2 42. Bc1 1-0

[Event "Lichtenberger Sommer 2016"]
[Site "?"]
[Date "2016.08.20"]
[Round "8.53"]
[White "Ziems, Michael"]
[Black "Merz, Rüdiger"]
[Result "1-0"]
[WhiteElo "1802"]
[BlackElo "1908"]
[PlyCount "85"]
[EventDate "2016.??.??"]
[WhiteTeam "SV Empor Berlin"]
[BlackTeam "SK Zehlendorf"]

1. d4 Nf6 2. c4 e6 3. Nc3 Bb4 4. Bf4 O-O 5. e3 b6 6. Bd3 Bb7 7. Nf3 d5 8. Bg5
h6 9. Bh4 dxc4 10. Bxc4 Nbd7 11. O-O g5 12. Bg3 Bxc3 13. bxc3 Ne4 14. Rc1 Qe7
15. Nd2 Nxg3 16. hxg3 e5 17. Qh5 Kg7 18. Rce1 e4 19. f4 Nf6 20. Qd1 g4 21. Be2
h5 22. Kf2 Qa3 23. Qb3 Qa5 24. Nc4 Qf5 25. Rh1 Bd5 26. Qc2 Qe6 27. Ne5 c5 28.
c4 Bb7 29. d5 Qf5 30. a4 Ne8 31. Rh4 f6 32. Nxg4 Rh8 33. Nh2 Nd6 34. Rh1 Rh6
35. Nf1 Rah8 36. Nd2 Qg6 37. g4 hxg4 38. Rxg4 Rxh1 39. Rxg6+ Kxg6 40. Nxe4
Nxe4+ 41. Qxe4+ Kh6 42. Bd3 Rg8 43. Qh7# 1-0

[Event "Lichtenberger Sommer 2016"]
[Site "?"]
[Date "2016.08.20"]
[Round "8.54"]
[White "Bauder, Herbert"]
[Black "Glienke, Michael"]
[Result "1-0"]
[WhiteElo "1924"]
[BlackElo "1779"]
[PlyCount "57"]
[EventDate "2016.??.??"]
[WhiteTeam "Lasker Steglitz-Wilmersdorf"]
[BlackTeam "SC Kreuzberg"]

1. d4 f5 2. Nf3 e6 3. c4 Nf6 4. Nc3 Be7 5. g3 c6 6. Bg2 d5 7. O-O O-O 8. b3
Nbd7 9. Ng5 Nb8 10. Nf3 Nbd7 11. Bb2 dxc4 12. bxc4 Nb6 13. Qb3 Kh8 14. Rfd1 Qe8
15. a4 f4 16. a5 Nbd7 17. gxf4 Nh5 18. e3 Qg6 19. Ne2 Qg4 20. h3 Qg6 21. Qd3
Qh6 22. Nh2 Ndf6 23. Ng4 Qg6 24. Qxg6 hxg6 25. Ne5 Kh7 26. Ba3 Re8 27. a6 Nd7
28. axb7 Bxb7 29. Nxd7 1-0

[Event "Lichtenberger Sommer 2016"]
[Site "?"]
[Date "2016.08.20"]
[Round "8.55"]
[White "Radjenovisc, Branko"]
[Black "Muskewitz, Bernd"]
[Result "1/2-1/2"]
[WhiteElo "1802"]
[BlackElo "1951"]
[PlyCount "135"]
[EventDate "2016.??.??"]
[WhiteTeam "SK Dragojle Babic (Berlin)"]
[BlackTeam "SV Mattnetz Berlin"]

1. d4 d5 2. Nf3 c5 3. e3 Bg4 4. c3 Nc6 5. Be2 e6 6. Nbd2 Nf6 7. Qa4 a6 8. h3
Bh5 9. g4 Bg6 10. dxc5 Bxc5 11. Ne5 O-O 12. Nxg6 fxg6 13. Nb3 Bd6 14. Nd4 Nxd4
15. exd4 Ne4 16. Be3 Qh4 17. Qd7 Rae8 18. O-O-O Re7 19. Qa4 Nxf2 20. Bxf2 Qxf2
21. Qc2 Qe3+ 22. Qd2 Qg3 23. Kb1 Rf2 24. Rde1 Ref7 25. Reg1 Qh4 26. Qd3 Bh2 27.
Rf1 Rxf1+ 28. Rxf1 Rxf1+ 29. Bxf1 Qe1+ 30. Kc2 Qf2+ 31. Qe2 Bg3 32. Kd3 Qf6 33.
a4 g5 34. Bg2 Qg6+ 35. Ke3 Bf4+ 36. Kf2 Kf7 37. c4 Qf6 38. Bf3 Qxd4+ 39. Kg2
Be5 40. cxd5 exd5 41. Qc2 Ke7 42. b3 Qf4 43. Qc5+ Bd6 44. Qxd5 Qg3+ 45. Kf1
Qxh3+ 46. Ke2 Qh2+ 47. Bg2 Qe5+ 48. Qxe5+ Bxe5 49. Bxb7 a5 50. Kf3 Kd6 51. Ke4
g6 52. Bd5 h5 53. Bf7 h4 54. Bxg6 h3 55. Kf3 Kd5 56. Bf7+ Kd4 57. Bc4 Kc3 58.
Bd5 h2 59. Kg2 Kd4 60. Be6 Bd6 61. Kh1 Ke4 62. Bd7 Kd5 63. Kg2 Kd4 64. Be6 Ke3
65. Bf5 Bg3 66. Bd7 Kd4 67. Bf5 Kc3 68. Be6 1/2-1/2